The Livonian War and the Mentality of the Russian Nobles

Titel: The Livonian War and the Mentality of the Russian Nobles
Verfasser:
In: Canadian American slavic studies, Band 47, Heft 4 (2013), Seite 420-435
alle Artikel anzeigen
Veröffentlicht: 2013
Format: Aufsatz
Sprache: Englisch
Schlagworte:
Kein Bild verfügbar
X
alg: 39257471
001A    $01999:11-11-16 
001B    $03025:13-03-26 $t15:43:53.000 
001C    $06050:19-11-16 $t08:57:31.000 
001D    $01999:11-11-16 
001U    $0utf8 
001X    $00 
002@    $0Aox 
003@    $0392574713 
006N    $000035997 
007A    $0392574713 $aHEB 
007D    $asw140320 
007I    $0swets175729269 
007T    $0Herdc0096639m 
009P    $A2 $3zusätzliche Angaben $uhttp://booksandjournals.brillonline.com/content/journals/10.1163/22102396-04704006 
010@    $aeng 
011@    $a2013 
021A    $aThe @Livonian War and the Mentality of the Russian Nobles 
028A    $aFilyushkin $dAlexander 
031A    $d47 $e4 $h420-435 $j2013 
037A    $aengl. Res. 420 
039B    $aIn $8--Abvc--. Canadian American slavic studies. - Paderborn : Schöningh, 1972-. - Bände. - ISSN 0090-8290 $x201300000470004580 $9047369612 
044K    $RKrieg $#Livonskaja vojna $74167979-9 $8Livländischer Krieg [Ts1] $9085760803 
045F    $a900.9479809031 $eDDC23BSB 
045F/01 $a900 
045F/03 $f09031 
045F/03 $f9032 
045F/03 $f9033 
045F/03 $g4798 
045F/03 $g4796 
045T    $a7,41 $a7,39 

lok: 39257471 78

exp: 39257471 78 1 #EPN
201B/01 $001-03-19 $t22:51:43.000 
201U/01 $0utf8 
203@/01 $0788672797 
208@/01 $a11-11-16 $be 
209A/01 $a/ $f000 $x00 
220C/01 $aTitelaufnehmer: pg 
220C/01 $aHerkunft: HI Marburg 
244Z/01 $2Trx $#Latvija $#Lettland $#Łotwa $#Lotyšsko $8--Trx--Latvija $x01 $9391275879 
244Z/01 $2Trx $#Estija $#Igaunija $#Estland $#Estonia $#Estonia $#Estónsko $#Estonsko $8--Trx--Eesti $x02 $9391237225 
244Z/01 $#Liivimaa $#Vidzeme $#Livonija $#Vidzeme $#Livonia $#Inflanty $74036075-1 $8--Tg1--Livland $x03 $9085097721 
244Z/01 $aGeschichte 1558-1883 $x04 
244Z/01 $2Trx $#sõda, liivi, 1558-1583 $#Livonijos karas 1558-1583 $#Livonian war 1558-1583 $#háború, Livóniai 1558-1583 $#wojna inflancka 1558-1583 $#vojna livónska 1558-1583 $#válka livonská 1558-1583 $8--Trx--Krieg, Livländischer$g1558-1583 $x05 $939135843X 
244Z/01 $2Trx $#aadel Venemaa $#bajorai Rusija $#gentry Russia $#nemesség Oroszország $#szlachta Rosja $#šľachta Rusko $#šlechta Rusko $8--Trx--Adel$gRussland $x06 $9391366211 
244Z/01 $2Trx $#mentaliteedid $#mentalitetas $#mentalities $#mentalitások $#mentalność $#mentality $#mentality $8--Trx--Mentalitäten $x07 $9391360639 
244Z/01 $2Trx $8--Trx--Zeitschriftenaufsatz $x08 $9391384341 
244Z/01 $2Trx $8--Trx--elektronische Ressource $x09 $939138452X 
245Z/01 $a06.03.02 $x01 
247C/01 $82080>Marburg/Lahn, Herder-Institut, Forschungsbibliothek, Bibliographieportal $9336309341
LEADER 00000caa a22000002c 4500
001 392574713
003 DE-603
005 20260313154353.0
007 tu
008 161111s2013 xx |||| | u00||u|eng c
035 |a (DE-599)HEB392574713 
035 |a (NL-LiSWE)00035997 
040 |a DE-603  |b ger  |c DE-603  |d DE-603 
041 |a eng 
082 0 4 |8 1\u  |a 900.9479809031  |q DE-101  |2 23/BSB 
084 |a 7,41  |a 7,39  |2 ssgn 
085 |8 1\u  |b 900 
085 |8 1\u  |z 1  |s 09031 
085 |8 1\u  |z 1  |s 9032 
085 |8 1\u  |z 1  |s 9033 
085 |8 1\u  |z 2  |s 4798 
085 |8 1\u  |z 2  |s 4796 
100 1 |a Filyushkin, Alexander 
245 0 0 |a ˜Theœ Livonian War and the Mentality of the Russian Nobles 
264 0 |c 2013 
500 |a engl. Res. 420 
650 7 |a Livländischer Krieg  |0 (DE-588)4167979-9  |0 (DE-603)085760803  |2 gnd 
773 0 8 |i In  |t Canadian American slavic studies  |d Paderborn : Schöningh, 1972-  |h Bände, 24 cm  |x 0090-8290  |g Band 47, Heft 4 (2013), Seite 420-435  |w (DE-603)047369612  |w (DE-600)220714-X 
856 4 2 |u http://booksandjournals.brillonline.com/content/journals/10.1163/22102396-04704006  |3 zusätzliche Angaben 
924 0 |9 2080  |a (DE-603)788672797  |b DE-2080  |c HES  |d d  |g /